Principles of Engineering Geology (Record no. 21543)

MARC details
000 -LEADER
fixed length control field 00329nam a22001337a 4500
008 - FIXED-LENGTH DATA ELEMENTS--GENERAL INFORMATION
fixed length control field 250926b |||||||| |||| 00| 0 eng d
020 ## - INTERNATIONAL STANDARD BOOK NUMBER
ISBN 978-81-950993-0-6
100 ## - MAIN ENTRY--AUTHOR NAME
Personal name K. M. Bangar
245 ## - TITLE STATEMENT
Title Principles of Engineering Geology
260 ## - PUBLICATION, DISTRIBUTION, ETC. (IMPRINT)
Place of publication New Delhi
Name of publisher Standard
Year of publication 2024
300 ## - PHYSICAL DESCRIPTION
Number of Pages 451
650 ## - SUBJECT ADDED ENTRY--TOPICAL TERM
Topical Term Civil
942 ## - ADDED ENTRY ELEMENTS (KOHA)
Source of classification or shelving scheme Dewey Decimal Classification
Koha item type Books
Holdings
Accession Number Cost, normal purchase price Bill Date Source of acquisition Price effective from Koha item type Withdrawn / writtenoff status Damaged status Not for loan Permanent Location Current Location Shelving location Date acquired Lost/ Missing status department
BE 25199 300.00 08-09-2025 ABD Publisher 09/26/2025 Books       MIET Library, Jammu MIET Library, Jammu 156/5 09/08/2025   BE
BE 25200 300.00 08-09-2025 ABD Publisher 09/26/2025 Books       MIET Library, Jammu MIET Library, Jammu 112/6 09/08/2025   BE
BE 25201 300.00 08-09-2025 ABD Publisher 09/26/2025 Books       MIET Library, Jammu MIET Library, Jammu 112/6 09/08/2025   BE
BE 25202 300.00 08-09-2025 ABD Publisher 09/26/2025 Books       MIET Library, Jammu MIET Library, Jammu 112/6 09/08/2025   BE
BE 25203 300.00 08-09-2025 ABD Publisher 09/26/2025 Books       MIET Library, Jammu MIET Library, Jammu 112/6 09/08/2025   BE